Introducción a la administración financiera: sistemas de información financiera para la planificación, dirección y control de la organización educacional

Gardado en:
Detalles Bibliográficos
Main Authors: Ortúzar Ruiz, Patricio (autor), Osorio Lazcano, Ivonne (Author)
Autor Corporativo: Universidad del Norte (Author)
Formato: Libro
Idioma:Lingua castelá
Publicado: Antofagasta Universidad del Norte 1987
Subjects:
Tags: Engadir etiqueta
Sen Etiquetas, Sexa o primeiro en etiquetar este rexistro!

MARC

LEADER 00000nam a2200000 a 4500
001 UCO3376
003 CL-VaPUC
008 000720e19870400CL |||||||||||||||||spa|d
082 0 4 |a 658.15  |b ORT  |2 21 
100 |a Ortúzar Ruiz, Patricio  |e autor  |9 382847 
700 0 |a Osorio Lazcano, Ivonne  |e author  |9 447528 
110 2 |a Universidad del Norte  |e author  |9 447529 
245 1 0 |a Introducción a la administración financiera: sistemas de información financiera para la planificación, dirección y control de la organización educacional 
300 |a 485 p 
942 |c BK 
945 |d 20000720 00:00:00  |a cmena 
260 |a Antofagasta  |b Universidad del Norte  |c 1987 
650 0 |a Administración financiera  |9 261146 
650 0 |a Sistemas de información   |9 260286 
650 0 |a Presupuestos  |9 262669 
650 0 |a Evaluación de proyectos   |9 259341 
650 0 |a Planificación de la educación   |9 307333 
583 |a last modification  |c 20000720 00:00:00  |k Rodrigo Vera 
999 |c 289833  |d 289831 
952 |0 0  |1 0  |4 0  |6 658_150000000000000_ORT_1987  |7 0  |8 P  |9 338607  |a BIBEDU  |b BIBEDU  |c BIBEDU_PB  |d 2019-11-20  |i 3631125  |o 658.15 ORT 1987  |p 3631125  |r 2024-01-25  |w 2019-11-20  |y BK  |k BME